|
|
|
|
| LEADER |
00915nam a2200241 aa4500 |
| 001 |
000488096 |
| 003 |
CZ BrMZK |
| 005 |
20120903212446.0 |
| 007 |
ta |
| 008 |
910925m19901991xr a f 000 m cze d |
| 040 |
|
|
|a BOA001
|b cze
|
| 080 |
|
|
|a 646.21:687.02
|2 MRF
|
| 100 |
1 |
|
|a Králová, Eva
|7 jk01062834
|4 aut
|
| 245 |
1 |
0 |
|a Učíme se šít :
|b abeceda šití pro dívky od třinácti let /
|c zpracovala Eva Králová
|
| 260 |
|
|
|a Praha :
|b Panorama,
|c 1990-1991
|
| 300 |
|
|
|a 2 sv. :
|b il. (některé barev.) ;
|c 21 cm
|
| 505 |
0 |
|
|a 1. 1990. 95 s. -- 2. 1991. 95 s.
|
| 910 |
|
|
|a BOA001
|b 2-0971.020
|s 1-2
|
| 920 |
|
|
|a 000488103
|
| 964 |
|
|
|a Šití - střihy a návody - oděvy dívčí
|
| 990 |
|
|
|a BK
|
| 996 |
7 |
|
|b 2619694776
|c 2-0971.020
|d 1.
|v 1
|l MZK
|r Sklad / do 1 hodiny
|n 12
|w 000488096
|u 000010
|a 1
|e BOA001
|j MZK50
|s A
|
| 996 |
7 |
|
|b 2619707358
|c 2-0971.020
|d 2.
|v 2
|l MZK
|r Sklad / do 1 hodiny
|n 15
|w 000488096
|u 000020
|a 1
|e BOA001
|j MZK50
|s A
|